Countries within 500km of Montenegro - Statistics

General Stats
  • This quiz has been taken 38 times
  • The average score is 16 of 16
Answers on the Map
Answers color-coded by a green-red scale on the quiz's map according to % correct below.
 
Answer Stats
Answer % Correct
Albania
100%
Bosnia and Herzegovina
100%
Bulgaria
100%
Croatia
100%
Greece
100%
Hungary
100%
Italy
100%
Kosovo
100%
North Macedonia
100%
Romania
100%
San Marino
100%
Serbia
100%
Slovenia
100%
Vatican city
100%
Austria
97%
Slovakia
94%
No matching quizzes found
Score Distribution
Percent of People with Each Score
Percentile by Number Answered
Your Score History
You have not taken this quiz